| 000 | 00844nam a2200241 a 4500 | ||
|---|---|---|---|
| 001 | BRL_1066 | ||
| 005 | 20190320211023.0 | ||
| 008 | 061113s2000----mx-ao#####---#000-0#spa-# | ||
| 020 | _a9685062226 | ||
| 041 | _aspa | ||
| 044 | _amx | ||
| 050 | 4 |
_aNK6020.5.M64 _b.E88 2000 |
|
| 100 | 1 |
_aEstrada, Josefina _925730 |
|
| 245 | 1 | 0 |
_aRoberto Ruiz, maravilla del mundo _cJosefina Estrada ; fotografía Concepción Morales. |
| 260 |
_aMéxico _bEditorial Colibrí ; H. Ayuntamiento Constitucional de Nezahualcóyotl, Estado de México, Dirección de Educación y cultura _c2000 |
||
| 300 |
_a126 p. _bil. (algunas a color) _c27 cm. |
||
| 500 | _aAu1209 | ||
| 600 | 1 | 4 |
_aRuiz, Roberto _xCrítica e interpretación _925731 |
| 650 | 1 | 4 |
_aTalla en hueso _zMéxico _925732 |
| 700 | 1 |
_aMorales, Concepción _eil. _925733 |
|
| 902 | _aGRL | ||
| 942 |
_2lcc _cB |
||
| 999 |
_c9878 _d9878 |
||